| 000 | 00757nam a22002531 4500 | ||
|---|---|---|---|
| 001 | 134229 | ||
| 003 | ES-MaACL | ||
| 005 | 20230906194628.0 | ||
| 007 | t| | ||
| 008 | 070906s1957 sp ||||0| spa d | ||
| 016 | 7 | _zIND2000943899 | |
| 040 |
_aM-BN _bspa _cCDM |
||
| 080 | _a778.5.023.4 | ||
| 100 | 1 |
_aWheeler, Leslie J. _9116623 |
|
| 245 | 1 | 0 |
_aCómo revelar un film amateur / _cLeslie J. Wheeler ; traducción de Luis Jordá. |
| 260 |
_aBarcelona : _bOmega, _c[1957] |
||
| 300 |
_a141 p. : _bil. ; _c17 cm. |
||
| 490 | 1 | _aFoto biblioteca | |
| 650 | 1 | 4 |
_aPelículas cinematográficas- _xRevelado. _915914 |
| 700 | 1 |
_aJordá, Luis. _966897 |
|
| 830 | 0 |
_aFoto biblioteca _9181378 |
|
| 852 |
_aES-MaACL _jC-13771 _bR.41483 |
||
| 999 |
_c134229 _d134229 |
||